| 000 | 01056nam a2200205 a 4500 | ||
|---|---|---|---|
| 001 | 56245 | ||
| 005 | 20180714051924.0 | ||
| 008 | 140415s2004 mx 000 0 spa d | ||
| 020 | _a9688535672 | ||
| 041 | _aspa | ||
| 082 |
_a372.4 _bPAR |
||
| 100 | 1 | _aPARDO, EDMEE | |
| 245 | 1 | 0 |
_aLEER CUENTO Y NOVELA : _bGUIA PARA LEER NARRATIVA Y DEJAR QUE LOS LIBROS NOS HAGAN FELICES |
| 250 | _a1a ed. | ||
| 260 |
_aMEXICO : _bPAIDOS MEXICANA, _c2004 |
||
| 300 |
_a240 _c12.5 x 0.8 x 19.4 |
||
| 490 |
_aMEMORIAS _v12 |
||
| 520 | _aAQUI SE HABLA DE COMO UNA PERSONA SE ACERCA A LA LITERATURA Y DE LO QUE AL LEER DESCUBRE SOBRE EL MUNDO Y SOBRE SI MISMA. SE MUESTRAN LAS MUCHAS RELACIONES POSIBLES ENTRE LA GENTE Y LA LECTURA, LAS DIFERENTES COSAS QUE A UNO LE PASAN CUANDO LEE. EDMEE PARDO, ADEMAS DE ENSEÑAR COMO ESTABLECER UN DIALOGO CON LAS OBRAS, NOS INSTA A ENTREGARNOS PLENAMENTE ALOS PLACERES QUE ENCIERRA UNA NOVELA, UN CUENTO. | ||
| 650 | 1 | 4 |
_aCOMUNICACION ESCRITA _xLECTURA _xLITERATURA INFANTIL _xLITERATURA JUVENIL _xMETODOLOGIA EDUCATIVA |
| 999 |
_c56245 _d56245 |
||